01896nam a2200493 i 450000100060000000300090000600500170001500800390003201500180007102000150008903500230010403500360012703500140016303500210017703500170019803500230021503500440023804000340028204100130031604600090032908000080033808000090034624502030035526000480055830000330060633600270063933700540066633800280072038000160074838000270076438500390079138800100083050001680084065000250100865500220103365800110105570000430106670000350110970000500114471000330119474000230122774000540125085600980130441968KOSZ 00520220408104745.0020304s2001 pl a f f |000 0 pol aUWD 2002/3335 a8301135395 a991017810349705066 a(PL-WaBN)b14820158-48omnis_nlop ab14820158 a(OCoLC)749917890 azz2005920537 a(PL)b0000001482015 a(EXLNZ-48OMNIS_NETWORK)9910048458305606 aWA NcWA NdKR UdKOSZ 005/HR1 apolheng k2001 a544 a(07)00aChemia fizyczna :bzbiór zadań z rozwiązaniami /cP. W. Atkins [et al. ; rozwiązania zadań z ang. tł. Krzysztof Pigoń, treści zadań i odpowiedzi z ang. tł. Dorota Jamróz et al.]. aWarszawa :bWydawnictwo Naukowe PWN,c2001. a790, [2] s. :bil. ;c24 cm. aTekstbtxt2rdacontent aBez urządzenia pośredniczącegobn2rdamedia aWoluminbnc2rdacarrier aKsiążki aPublikacje dydaktyczne mPoziom nauczaniaaSzkoły wyższe a2001- aTreści zadań i odpowiedzi pochodzą z: "Physical chemistry" 1998, rozwiązania zadań pochodzą z: Student's solutions manual for physical chemistry, 1998. 7aChemia fizyczna2DBN 7aPodręcznik2DBN aChemia1 aAtkins, Peter Williamd(1940- )eAutor1 aJamróz, DorotaeTłumaczenie1 aPigoń, Krzysztofd(1925-2001)eTłumaczenie2 aWydawnictwo Naukowe PWN4pbl0 aPhysical chemistry0 aStudent's solutions manual for physical chemistry uhttp://koha.tu.koszalin.pl/cgi-bin/koha/opac-detail.pl?biblionumber=41968yKatalog online BPK